00429nam a22001457a 450000500170000004100080001708200230002524500920004826000370014030000130017750000110019065000300020165000340023170000180026520260202145245.0 aENG aRR 015.54bNAT: 3  0aThe national bibliography of Indian literature 1901-1953c/General Editor- B.S. Kesavan aNew DelhibSahitya Akademic1970 ax, 646p. aVol. 3 aLiterature - Bibliography aIndian literature - 1901-1953 aKesavan, B.S.